Music Quiz

Random Music or Clip Quiz

4 Second Music Challenge Quiz Stats

 Plays Quiz Updated Oct 27, 2016

Score 0/100 Timer 20:00
15 Plays Today
Time Song % Correct
0:40(I Can't Get No) Satisfaction
80.5%
2:48Poker Face
76.1%
0:08 Hotel California
75.3%
4:20Bohemian Rhapsody
71.7%
0:00 Mr. Brightside
70.6%
3:36Toxic
70.6%
4:32Stacy's Mom
70.3%
0:52Losing My Religion
67.7%
1:20Brown Eyed Girl
65.2%
0:16Push It
63.6%
4:12Ice Ice Baby
63.1%
3:40Hit Me With Your Best Shot
61.8%
6:08Rehab
59.7%
6:36Don't Stop Believin'
59.2%
4:28Tiny Dancer
58.3%
3:56This Love
56.3%
0:32Dani California
54%
4:04In Da Club
51.9%
4:36What I like About You
51.8%
3:12Stan
51.5%
1:52Kryptonite
49.9%
5:56Bye Bye Bye
49.5%
4:08Superman (It's Not Easy)
48.8%
0:04 Song 2
47.2%
2:44We Didn't Start The Fire
46%
0:20December 1963 (Oh What A Night)
45.1%
0:24Don't Stand So Close To Me
45%
0:28Dancing with Myself
45%
1:04The Sound Of Silence
44.8%
4:16Closing Time
44.6%
3:16The Middle
43.9%
1:28Dance Dance
43.8%
5:00Are You Gonna Be My Girl
43.7%
6:12All The Small Things
43.5%
Time Song % Correct
6:32Respect
42.7%
2:28Zombie
42.7%
5:52You Found Me
41.8%
3:00Holiday
40.3%
1:56Headstrong
39.2%
1:36My Immortal
36.7%
3:44Smile
36.7%
2:00Steal My Sunshine
36.1%
0:56Speed Of Sound
35.8%
0:44Bust A Move
35.7%
6:20Like A Virgin
35.6%
0:48Sunday Bloody Sunday
34.9%
1:40Fat Lip
33.4%
2:24Down With The Sickness
33.2%
3:04Miss Independent
32.7%
4:44Monkey Wrench
32.5%
4:52Don't Trust Me
30.7%
5:16(Don't Fear) The Reaper
29.4%
6:24Paralyzer
28.4%
5:08She's So High
28.2%
3:20Fire Burning
28.1%
6:28(Sittin' On) The Dock Of The Bay
28%
3:24Cupid's Chokehold (Breakfast in America)
27.3%
5:28Larger Than Life
26.9%
2:52B.Y.O.B.
26.9%
2:08Self Esteem
26%
6:04Ruby
25%
0:36Too Many Dicks On The Dancefloor
24.7%
2:32Don't Phunk With My Heart
24.5%
2:36The Way I Are
24.5%
5:44Technologic
23.8%
5:24Du Hast
23.2%
5:20Crazy B****
23.1%
1:12Hurricane
21.5%
Time Song % Correct
6:001234
20.4%
2:56Here (In Your Arms)
19.3%
5:12Axel F
18.7%
4:56Jerk It Out
18.6%
5:32Karma Police
18.1%
1:16Rasputin
17.8%
1:24Lux Aeterna (Requiem For A Dream)
16.8%
2:40What You Waiting For
16.7%
5:04Break On Through
16.2%
2:20Wisemen
13.6%
2:16Animal I Have Become
13%
4:24D'yer Mak'er
12.8%
3:48DOTA
12.2%
4:00Renegades Of Funk
11.8%
0:12Dashboard
10.8%
1:08Brian Wilson
10.4%
3:08Snakes On A Plane (Bring It)
9.8%
1:32Red Flag
9.8%
2:12Hush
9.2%
4:40Rebellion
9.2%
2:04Foxtrot Uniform Charlie Kilo
9.1%
3:52Tick Tick Boom
7.9%
4:48You Know My Name
7.8%
6:16Bubble Toes
7.6%
1:44The Fallen
5.6%
5:36Woke Up This Morning
4.6%
3:32Best Friend
3.8%
1:48Cloud Number 9
3.7%
5:40Transylvania
3.6%
5:48Don't Talk To Strangers
2.5%
1:00Fortress
2.1%
3:28Don't Wake Me Up
1.6%

You're not logged in!

Compare scores with friends on all Sporcle quizzes.
OR
Log In

Sporcle TV

Today on Sporcle TV


Watch our educational content, quiz creation guides, and fun videos on Sporcle TV.

Show Comments

Extras

Top Quizzes Today


Score Distribution

Your Account Isn't Verified!

In order to create a playlist on Sporcle, you need to verify the email address you used during registration. Go to your Sporcle Settings to finish the process.

Report this User

Report this user for behavior that violates our Community Guidelines.

Details: